| 000 | 00438nam a2200181Ia 4500 | ||
|---|---|---|---|
| 001 | 15974 | ||
| 005 | 20260306170235.0 | ||
| 008 | 260306t2013||||xx |||||||||||||| ||und|| | ||
| 041 | _aESP | ||
| 082 |
_a621.04 _bC32 V. 1 |
||
| 100 |
_aCastaño G., Rubén _eAUT |
||
| 245 | 0 | _aProblemas de tecnología industrial | |
| 260 | _c2013 | ||
| 300 |
_a231 páginas : _c30 cm. |
||
| 650 | _aGEN | ||
| 654 | _aCET | ||
| 942 |
_cLIB _dJUS _fJUS _2ddc _n |
||
| 999 |
_c15974 _d15974 |
||